I know love - Tate McRae Lyrics - Statistics

General Stats
  • This quiz has been taken 43 times
  • The average score is 396 of 491
Answer Stats
Answer % Correct
kn
97%
you
97%
I
94%
(I
94%
know
94%
love
94%
love)
94%
a
91%
it
91%
like
88%
me
88%
on
88%
when
88%
(when
88%
we
85%
yeah
85%
(yeah
85%
said
82%
the
82%
this
82%
to
82%
up
82%
what
82%
your
82%
but
79%
don't
79%
down
79%
end
79%
feel
79%
friends
79%
He
79%
how
79%
in
79%
it's
79%
no
79%
no)
79%
so
79%
and
76%
be
76%
drugs
76%
for
76%
here
76%
hits
76%
started
76%
feels
74%
got
74%
little
74%
knees
71%
my
71%
shit
71%
type
71%
you're
71%
fucked
68%
girl
68%
guard
68%
(honestly
68%
let
68%
magazine
68%
next
68%
now
68%
quick
68%
see
68%
because
65%
lie
65%
new
65%
right
65%
sick
65%
stop
65%
that)
65%
that
65%
actin'
62%
after
62%
doin'
62%
fallin'
62%
hold
62%
months
62%
mornin'
62%
only
62%
tough
62%
baby
59%
can
59%
if
59%
I'll
59%
mexico
59%
oh
59%
out
59%
photos
59%
problems
59%
sexy
59%
somebody
59%
twelve
59%
was
59%
with
59%
covers
56%
everybody
56%
lookin'
56%
positions
56%
promo
56%
put
56%
they
56%
want
56%
hair
53%
kinda
53%
looks
53%
nails
53%
needs
53%
off
53%
then
53%
we're
53%
give
50%
somethin'
50%
boy
47%
beginnin'
44%
gon'
44%
happening
44%
practicin'
44%
script
32%
tonight
32%
tricks
29%
plans
24%
falling
21%
mm
9%
crazy)said
3%
get
3%
isI
3%
No matching quizzes found
Score Distribution
Percent of People with Each Score
Percentile by Number Answered
Your Score History
You have not taken this quiz